Statistiques concernant Les capitales d'Amérique du Nord et Sud

Cliquez ici pour prendre le quiz!

Statistiques générales

  • Ce quiz a été pris 4,122 fois
  • Le résultat moyen est 22 sur 35

Statistiques - réponses

Pays Capitale % Correct
Etats-UnisWashington
99%
MexiqueMexico
98%
CanadaOttawa
95%
BrésilBrasilia
91%
CubaLa Havane
88%
ArgentineBuenos Aires
87%
PanamaPanama
86%
PérouLima
85%
ChiliSantiago
82%
JamaïqueKingston
79%
UruguayMontevideo
78%
EquateurQuito
77%
ColombieBogota
77%
GuatemalaGuatemala
77%
HaïtiPort au Prince
75%
VenezuelaCaracas
75%
SalvadorSan Salvador
71%
BolivieSucre
68%
République DominicaineSaint Domingue
62%
Costa RicaSan Jose
61%
ParaguayAsuncion
61%
HondurasTegucigalpa
53%
Les BahamasNassau
52%
GuyanaGeorgetown
52%
NicaraguaManagua
50%
BelizeBelmopan
47%
SurinameParamaribo
45%
Saint-Vincent et les GrenadinesKingstown
39%
DominiqueRoseau
37%
Trinité-et-TobagoPort d'Espagne
37%
Sainte LucieCastries
33%
Antigua et BarbudaSaint Johns
32%
Saint-Christophe-et-NiévèsBasseterre
31%
GrenadeSaint George's
29%
BarbadeBrigdetown
12%

Distribution des résultats

Percentile by Number Answered

% des personnes avec chaque résultat

Votre développement - résultats

Vous n’avez pas pris ce quiz